José Guadalupe Posada (Record no. 9165)

MARC details
000 -CABECERA
campo de control de longitud fija 00642nam a2200217 a 4500
001 - NÚMERO DE CONTROL
campo de control BRL_352
005 - FECHA Y HORA DE LA ÚLTIMA TRANSACCIÓN
campo de control 20190320210711.0
008 - DATOS DE LONGITUD FIJA--INFORMACIÓN GENERAL
campo de control de longitud fija 310713s1943----mx-a######---#000-0#spa-#
041 ## - CÓDIGO DE LENGUA
Código de lengua del texto/banda sonora o título independiente spa
044 ## - CÓDIGO DEL PAÍS DE LA ENTIDAD EDITORA/PRODUCTORA
Código MARC del país mx
050 #4 - SIGNATURA TOPOGRÁFICA DE LA BIBLIOTECA DEL CONGRESO
Número de clasificación NE546.P6
Número de documento/Ítem J67 1943
100 1# - ENTRADA PRINCIPAL--NOMBRE DE PERSONA
Nombre de persona Vanegas Arroyo, Arsacio
9 (RLIN) 23630
245 10 - MENCIÓN DE TÍTULO
Título José Guadalupe Posada
Resto del título 36 grabados.
260 ## - PUBLICACIÓN, DISTRIBUCIÓN, ETC.
Lugar de publicación, distribución, etc. México
Nombre del editor, distribuidor, etc. Arsacio Vanegas Arroyo
Fecha de publicación, distribución, etc. 1943
300 ## - DESCRIPCIÓN FÍSICA
Extensión 30 p.
Otras características físicas il.
Dimensiones 36 cm.
500 ## - NOTA GENERAL
Nota general Estado físico: desprendimiento en las hojas, hojas acidificadas y hojas maltratadas
500 ## - NOTA GENERAL
Nota general Au2376
600 14 - PUNTO DE ACCESO ADICIONAL DE MATERIA--NOMBRE DE PERSONA
Nombre de persona Posada, José Guadalupe
Fechas asociadas al nombre 1852-1913
9 (RLIN) 4998
902 ## - CATALOGADOR
Iniciales GRL
942 ## - ELEMENTOS DE PUNTO DE ACCESO ADICIONAL (KOHA)
Fuente del sistema de clasificación o colocación Library of Congress Classification
Tipo de ítem Koha Libros
Holdings
Estado de retiro Estado de pérdida Estado dañado No para préstamo Localización permanente Ubicación/localización actual Fecha de adquisición Número de inventario Total de préstamos Signatura topográfica completa Código de barras Fecha visto por última vez Precio válido a partir de Tipo de ítem Koha
El ejemplar forma parte de la colección y puede ser consultado según las políticas vigentes.       Biblioteca Centro de Estudios Ruth D. Lechuga Biblioteca Centro de Estudios Ruth D. Lechuga 31/07/2013 Au2376   NE546.P6 J67 1943 (Au2376) GRL00405 22/03/2019 22/03/2019 Libros